00538nam a22001817a 4500003000500000005001700005008004100022010001000063011001000073035001000083040000900093082002000102111007900122245001400201260008400215300002700299700003000326CHAP20220329134838.0971013s1969 r 10010 d a26851 a27823 a31924 cCHAP a631.7bC68 196900aCongreso Internacional de Riego y Drenaje (n7d: 1969c: México, D. F.) aPonencias aNew Dalhi, India :bInternational Commission on Irriagation and Drainage,c1969 a9 v. en 10 t.b: ilus.0 aIrrigación - Congresos.